| 000 | 01090aam a2200349 i 4500 | ||
|---|---|---|---|
| 001 | 768714001 | ||
| 003 | CO-MdFUSB | ||
| 005 | 20251024103224.0 | ||
| 007 | ta | ||
| 008 | 251024t1985 -us |||| |||| 00| 0 eng d | ||
| 040 | _cCO-MdFUSB | ||
| 041 | 0 | _aeng | |
| 082 | 0 | 4 |
_223 _a252 _bS7723w |
| 100 | 1 |
_aSpurgeon, C. H. _d1834-1892 _eautor |
|
| 245 | 1 | 0 |
_aThe way of life _c/ C. H. Spurgeon [...y otros cuatro autores] |
| 264 | 1 |
_bBible Institute Colportage, _aChicago, ILL., USA : _c[1895] |
|
| 264 | 4 | _c©1895 | |
| 300 | _a125 páginas | ||
| 336 |
_atexto _btxt _2rdacontent |
||
| 337 |
_2rdamedia _asin mediación _bn |
||
| 338 |
_2rdacarrier _avolumen _bnc |
||
| 563 | _aPasta dura | ||
| 630 | 0 | _aSermones de grandes personajes bíblicos. | |
| 700 |
_aMcNeill, John, _912010 _eautor |
||
| 700 |
_aChapman, Joh Wilbur, _912011 _eautor |
||
| 700 |
_aMills, Benjamin Fay, _912012 _eautor |
||
| 700 |
_aMoody, Dwight Lyman, _d1837-1899. _911092 _eautor |
||
| 700 |
_aTalmage, Thomas de Witt, _912013 _eautor |
||
| 942 | _cBK | ||
| 945 | _aJTF-925 | ||
| 999 |
_c36468 _d36468 |
||